00755 2200181 4500001002100000005001500021035002000036245012500056100006700181250002000248300005000268700012300318260006700441082000800508084001400516020002200530600002100552INLIS00000000114579520251223091500 a0010-12250000381 aBAHASA GAUL :bKreativitas Berbahasa Generasi Muda /cDr. Hastar, M.Pd, Ayu Puspita Indah Sati, M.Pd, Yeni Ernawati M.Pd0 aHastar, M.Pd, Ayu Puspita Indah Sati, M.Pd, Yeni Ernawati M.Pd acetakan pertama a75 halaman :bilustrasi ;c15 x 23 cmekertas0 aEditor;Saly Nur Pebriani, Desain cover;Ali hasan Zein, Sumber; casmara, Tata Letak;Gd Ayu, Proafreader;M.Arydian Ardin akaliurang :bdeepublish (Grup Penerbitan CV Budi utama),c2024 a410 a410 HAS b a978-623-02-9560-7 4aTren Bahasa Caul